[Event "Mighty Mauler"]
[Site "SchemingMind.com"]
[Date "2015.10.30"]
[Round "-"]
[White "emvarela"]
[Black "kenneth m day"]
[Result "0-1"]
[WhiteCountry "ARG"]
[BlackCountry "USA"]
[WhiteElo "1684"]
[WhiteRD "47"]
[BlackElo "1701"]
[BlackRD "52"]
[GameID "389263"]

1. e4 d6 2. d4 Nf6 3. Nc3 Bd7 4. Nf3 g6 5. Bd3 Bg7 6. Be3 O-O 7. O-O Nc6 8. a3 Re8 9. Qd2 Nh5 10. b4 e5
11. d5 Ne7 12. Ne2 f5 13. exf5 Nxf5 14. Bxf5 Bxf5 15. Ng3 e4 16. Nxh5 gxh5 17. Nd4 Bd7 18. Bg5 Bf6 19. Bxf6 Qxf6 20. Rae1 Re5
21. f4 Rxd5 22. c3 c5 23. Qa2 Qf7 24. Rxe4 cxd4 25. cxd4 Be6 26. Rfe1 Re5 27. Qf2 Rxe4 28. Rxe4 Bd5 29. Re3 Re8 30. Rg3+ Kh8
31. h3 Rg8 32. Rxg8+ Qxg8 33. g3 Qe6 34. f5 Qe4 35. Kf1 Qb1+ 36. Ke2 Qc2+ 37. Kf1 Qd1+ 38. Qe1 Qf3+ 39. Qf2 Bc4+ 40. Kg1 Qd1+
41. Kh2 Bd5
0-1

[Event "Mighty Mauler"]
[Site "SchemingMind.com"]
[Date "2015.10.30"]
[Round "-"]
[White "kenneth m day"]
[Black "emvarela"]
[Result "1-0"]
[WhiteCountry "USA"]
[BlackCountry "ARG"]
[WhiteElo "1698"]
[WhiteRD "51"]
[BlackElo "1709"]
[BlackRD "48"]
[GameID "389264"]

1. e4 e5 2. Nf3 Nc6 3. c3 f5 4. exf5 d6 5. d4 exd4 6. Bd3 Qe7+ 7. Qe2 Qxe2+ 8. Kxe2 dxc3 9. Nxc3 Be7 10. Re1 Kd7
11. Kf1 Nh6 12. Bxh6 gxh6 13. Nd5 Re8 14. f6 Bf8 15. Rxe8
1-0

[Event "Mighty Mauler"]
[Site "SchemingMind.com"]
[Date "2015.10.26"]
[Round "-"]
[White "kenneth m day"]
[Black "Hagel"]
[Result "1-0"]
[WhiteCountry "USA"]
[BlackCountry "POL"]
[WhiteElo "1713"]
[WhiteRD "53"]
[BlackElo "1520"]
[BlackRD "69"]
[GameID "389285"]

1. e4 e6 2. d4 d5 3. e5 c5 4. c3 Nc6 5. Nf3 Bd7 6. Bd3 Qb6 7. dxc5 Bxc5 8. O-O a5 9. Nbd2 Nge7 10. Nb3 a4
11. Nxc5 Qxc5 12. Be3 Qa5 13. Qd2 Qc7 14. Rac1 Nxe5 15. Bf4
1-0

[Event "Mighty Mauler"]
[Site "SchemingMind.com"]
[Date "2015.10.26"]
[Round "-"]
[White "Hagel"]
[Black "kenneth m day"]
[Result "0-1"]
[WhiteCountry "POL"]
[BlackCountry "USA"]
[WhiteElo "1520"]
[WhiteRD "69"]
[BlackElo "1713"]
[BlackRD "53"]
[GameID "389286"]

1. e4 e5 2. Nf3 Nc6 3. d4 exd4 4. Bc4 Bc5 5. c3 Nf6 6. O-O d6 7. cxd4 Bb6 8. Bb5 Bd7 9. Bg5 O-O 10. e5 dxe5
11. dxe5 h6 12. exf6 hxg5 13. fxg7 Kxg7
0-1

[Event "Mighty Mauler"]
[Site "SchemingMind.com"]
[Date "2015.11.01"]
[Round "-"]
[White "emvarela"]
[Black "Scooter"]
[Result "0-1"]
[WhiteCountry "ARG"]
[BlackCountry "USA"]
[WhiteElo "1709"]
[WhiteRD "48"]
[BlackElo "1696"]
[BlackRD "46"]
[GameID "389366"]

1. c4 Nf6 2. d4 g6 3. Nc3 Bg7 4. g3 O-O 5. Bg2 c6 6. Nf3 d5 7. cxd5 cxd5 8. O-O e6 9. Bg5 Nbd7 10. Ne5 Qc7
11. Nxd7 Nxd7 12. e4 dxe4 13. Bxe4 a6 14. Rc1 Qb8 15. Bf4 e5 16. dxe5 Bxe5 17. Bxe5 Nxe5 18. Nd5 Nc6 19. Nf6+ Kg7 20. Bxc6 bxc6
21. Qd4 Kh6 22. Nd7 Bxd7 23. Qxd7 Qxb2 24. Rxc6 Qxa2 25. Rfc1 a5 26. R1c4 a4 27. Rh4+ Kg7 28. Qd4+ Kg8 29. Rc4 a3 30. Rb4 Rfd8
31. Qf6 Rd1+ 32. Kg2 Qd5+ 33. Kh3 a2
0-1

[Event "Mighty Mauler"]
[Site "SchemingMind.com"]
[Date "2015.11.01"]
[Round "-"]
[White "Scooter"]
[Black "emvarela"]
[Result "1/2-1/2"]
[WhiteCountry "USA"]
[BlackCountry "ARG"]
[WhiteElo "1696"]
[WhiteRD "46"]
[BlackElo "1709"]
[BlackRD "48"]
[GameID "389367"]

1. d4 c5 2. Nf3 d5 3. Bf4 Nf6 4. e3 e6 5. c3 Bd6 6. Bxd6 Qxd6 7. Bb5+ Bd7 8. Bxd7+ Nbxd7 9. O-O cxd4 10. cxd4 O-O
11. b3 Rac8 12. Nbd2 Rc7 13. Rc1 Rfc8 14. Rxc7 Rxc7 15. Qb1 h6 16. Rc1 Rxc1+ 17. Qxc1 Qc6 18. Qxc6 bxc6 19. b4 Ne8 20. Nb3 f6
21. Ne1 Nd6 22. Na5 Nb8 23. Nd3 Ne4 24. Nc5 Nxc5 25. bxc5 Kf7 26. Kf1 e5=
1/2-1/2

[Event "Mighty Mauler"]
[Site "SchemingMind.com"]
[Date "2015.10.28"]
[Round "-"]
[White "Scooter"]
[Black "kenneth m day"]
[Result "1-0"]
[WhiteCountry "USA"]
[BlackCountry "USA"]
[WhiteElo "1696"]
[WhiteRD "46"]
[BlackElo "1698"]
[BlackRD "51"]
[GameID "389368"]

1. d4 d5 2. Nf3 Nf6 3. Bf4 c5 4. e3 Nc6 5. c3 Bg4 6. Be2 e6 7. O-O Qb6 8. Qb3 Na5 9. Qxb6 axb6 10. Nbd2 Nc6
11. Bc7 Bxf3 12. Nxf3 cxd4 13. cxd4 Kd7 14. Bxb6 Bd6 15. Bb5 Rhc8 16. Rfc1 Ke7 17. a3 Ne4 18. b4 f6 19. g3 g5 20. Bd3 h6
21. Bxe4 dxe4 22. Nd2 f5 23. Nc4 Bc7 24. Bxc7 Rxc7 25. Ne5 Rac8 26. Nxc6+ Rxc6 27. Rc5 b6 28. Rxc6 Rxc6 29. Ra2 Rc1+ 30. Kg2 Rb1
31. Rc2 Rb3 32. Rc6 Rxa3 33. Rxb6 Rb3 34. b5 Rb4 35. Rb8 h5 36. b6 Kd7 37. b7 Kc7 38. Rg8 Rxb7 39. Rxg5 Kd6 40. Rxh5 Rg7
41. h4 Rg6 42. Rg5 Rh6 43. f3 exf3+ 44. Kxf3 Rf6 45. h5 Rh6 46. g4 fxg4+ 47. Kxg4 Ke7 48. Rg6 Rh7 49. h6 Kf7 50. Kg5 Rh8
51. Rg7+ Kf8 52. Kg6
1-0

[Event "Mighty Mauler"]
[Site "SchemingMind.com"]
[Date "2015.10.27"]
[Round "-"]
[White "kenneth m day"]
[Black "Scooter"]
[Result "1-0"]
[WhiteCountry "USA"]
[BlackCountry "USA"]
[WhiteElo "1698"]
[WhiteRD "51"]
[BlackElo "1696"]
[BlackRD "46"]
[GameID "389369"]

1. e4 c6 2. c4 d5 3. cxd5 cxd5 4. exd5 Qxd5 5. d4 Nf6 6. Nc3 Qd8 7. Bc4 e6 8. Nf3 Be7 9. Bf4 O-O 10. Qd3 a6
11. h4 b5 12. Bb3 Bb7 13. Bc2 Nbd7 14. g4 g6 15. g5 Nd5 16. Nxd5 Bxd5 17. Rh3 Bb4+ 18. Kd1 Nb6 19. h5 Bxf3+ 20. Rxf3 Nc4
21. Rb1 Nd6 22. hxg6 fxg6 23. a3 Ba5 24. Be5 Qxg5 25. b4 Rxf3 26. Qxf3 Rf8 27. Qg3 Qxg3 28. Bxg3 Bc7 29. Ke2 Rc8 30. Re1 Kf7
31. Rh1 h5 32. Be5 Nc4 33. Bxc7 Rxc7 34. Rg1 Nxa3 35. Bxg6+ Ke7 36. Bxh5 Rc2+ 37. Kd1 Rxf2 38. Rg7+ Kd6 39. Ra7 Rf4 40. Rxa6+ Kd5
41. Rxa3 Rxd4+ 42. Kc2 Rxb4 43. Rd3+ Rd4 44. Rb3 Kc5 45. Be2 Rb4 46. Re3 Kd5 47. Kc3 Ra4 48. Kb3 Re4 49. Bf3
1-0

[Event "Mighty Mauler"]
[Site "SchemingMind.com"]
[Date "2015.10.28"]
[Round "-"]
[White "Scooter"]
[Black "Hagel"]
[Result "1-0"]
[WhiteCountry "USA"]
[BlackCountry "POL"]
[WhiteElo "1717"]
[WhiteRD "47"]
[BlackElo "1520"]
[BlackRD "69"]
[GameID "389370"]

1. d4 f5 2. Nf3 Nf6 3. Bf4 d6 4. e3 e6 5. h3 Be7 6. Be2 O-O 7. O-O h6 8. Nbd2 Qe8 9. c3 g5 10. Bg3 Nc6
11. Bb5 Bd7 12. Re1 Nxd4 13. Bxd7 Nxf3+ 14. Qxf3 Qxd7 15. b3 c6 16. Red1
1-0

[Event "Mighty Mauler"]
[Site "SchemingMind.com"]
[Date "2015.10.28"]
[Round "-"]
[White "Hagel"]
[Black "Scooter"]
[Result "1-0"]
[WhiteCountry "POL"]
[BlackCountry "USA"]
[WhiteElo "1795"]
[WhiteRD "98"]
[BlackElo "1707"]
[BlackRD "48"]
[GameID "389371"]

1. e4 c6 2. f4 d5 3. e5 Bf5 4. Nf3 h6 5. d3 e6 6. c3 Nd7 7. Be2 Qc7 8. O-O O-O-O 9. b4 Ne7 10. a4 c5
11. Na3 cxb4 12. cxb4 Bg4 13. Be3 Nc6 14. b5 Bxa3 15. bxc6
1-0

[Event "Mighty Mauler"]
[Site "SchemingMind.com"]
[Date "2015.11.05"]
[Round "-"]
[White "smothered mate"]
[Black "emvarela"]
[Result "1-0"]
[WhiteCountry "POL"]
[BlackCountry "ARG"]
[WhiteElo "1938"]
[WhiteRD "68"]
[BlackElo "1684"]
[BlackRD "47"]
[GameID "389553"]

1. d4 Nf6 2. c4 g6 3. Nc3 Bg7 4. Nf3 O-O 5. e4 d6 6. h3 e5 7. d5 c6 8. Bg5 Nbd7 9. Be2 h6 10. Be3 cxd5
11. cxd5 Nc5 12. Bxc5 dxc5 13. Nxe5 Nxe4 14. Nxe4 Bxe5 15. O-O Bf5 16. Nxc5 b6 17. Nd3 Bxd3 18. Qxd3 Bxb2 19. Rad1 Qd6 20. Qb3 Bg7
21. Bf3 Rac8 22. Rc1 Rc5 23. Qa3 a5 24. Rxc5 Qxc5 25. Qxc5 bxc5 26. Rc1 Bd4 27. Kf1 Rd8 28. Rc2 f5 29. Ke2 Kf7 30. Kd3 Kf6
31. Kc4 Rb8 32. Re2 Rb4+ 33. Kd3 Be5 34. Rc2 Bd6 35. Re2 c4+ 36. Kd4 c3+ 37. Kxc3 Be5+ 38. Kd3 a4 39. Rc2 Rd4+ 40. Ke3 f4+
41. Ke2 Rb4 42. Rc6+ Ke7 43. Re6+ Kf7 44. Rxe5 Rb2+ 45. Kf1 Rxa2 46. d6
1-0

[Event "Mighty Mauler"]
[Site "SchemingMind.com"]
[Date "2015.11.05"]
[Round "-"]
[White "emvarela"]
[Black "smothered mate"]
[Result "0-1"]
[WhiteCountry "ARG"]
[BlackCountry "POL"]
[WhiteElo "1720"]
[WhiteRD "49"]
[BlackElo "1939"]
[BlackRD "65"]
[GameID "389554"]

1. e4 e6 2. d4 d5 3. Nc3 Bb4 4. a3 Bxc3+ 5. bxc3 dxe4 6. Qg4 Ne7 7. Qxe4 Bd7 8. Nf3 Bc6 9. Qd3 Nd7 10. Be2 h6
11. O-O Nf5 12. Bf4 O-O 13. Ne5 Nxe5 14. dxe5 Qe7 15. Bf3 Rfd8 16. Qe2 Bxf3 17. Qxf3 c6 18. a4 Rd5 19. Rfd1 Rad8 20. Rxd5 Rxd5
21. Rd1 Qd7 22. Rxd5 cxd5 23. g4 Nh4 24. Qg3 Ng6 25. h4 Qxa4 26. Be3 a5 27. h5 Nf8 28. g5 Qxc2 29. gxh6 Qh7 30. hxg7 Qxg7
31. Kg2 Nd7 32. Bd4 a4 33. f4 a3 34. Kf2 Qxg3+ 35. Kxg3 a2 36. c4 dxc4 37. Kg4 Nc5
0-1

[Event "Mighty Mauler"]
[Site "SchemingMind.com"]
[Date "2015.11.01"]
[Round "-"]
[White "smothered mate"]
[Black "Scooter"]
[Result "1-0"]
[WhiteCountry "POL"]
[BlackCountry "USA"]
[WhiteElo "1973"]
[WhiteRD "82"]
[BlackElo "1707"]
[BlackRD "48"]
[GameID "389555"]

1. c4 Nf6 2. Nc3 g6 3. d4 Bg7 4. e4 d6 5. f3 O-O 6. Bd3 e5 7. d5 Nbd7 8. b4 a6 9. Nge2 b6 10. Be3 Bb7
11. Qd2 c5 12. a3 Re8 13. O-O Rc8 14. Nc1 Qc7 15. Nb3 cxb4 16. axb4 b5 17. c5 dxc5 18. bxc5 Nh5 19. Bxb5 axb5 20. Nxb5
1-0

[Event "Mighty Mauler"]
[Site "SchemingMind.com"]
[Date "2015.11.01"]
[Round "-"]
[White "Scooter"]
[Black "smothered mate"]
[Result "1-0"]
[WhiteCountry "USA"]
[BlackCountry "POL"]
[WhiteElo "1717"]
[WhiteRD "47"]
[BlackElo "1959"]
[BlackRD "71"]
[GameID "389556"]

1. d4 d5 2. Nf3 Bg4 3. Bf4 e6 4. e3 c6 5. c3 Nd7 6. Be2 Ne7 7. O-O Ng6 8. Bg3 Be7 9. Nbd2 h5 10. h3 Bxf3
11. Bxf3 h4 12. Bh2 Nf6 13. e4 dxe4 14. Nxe4 Nd5 15. Re1 Qd7 16. Qb3 Kf8 17. Nc5 Bxc5 18. dxc5 Nge7 19. Bd6 Kg8 20. Rad1 Nf5
21. Bh2 f6 22. c4 Qf7 23. cxd5 cxd5 24. Rxe6 Rh6 25. Bxd5 Kh7 26. Re5 Qg6 27. Ree1 Re8 28. Rxe8 Qxe8 29. Qd3 g6 30. Bf4 Rh5
31. Bf3 Rg5 32. Qd7+ Qxd7 33. Rxd7+ Kh6 34. Bxb7 Kh5 35. Rh7+ Nh6 36. Bf3+ Rg4 37. Bxg4#
1-0

[Event "Mighty Mauler"]
[Site "SchemingMind.com"]
[Date "2015.11.01"]
[Round "-"]
[White "smothered mate"]
[Black "kenneth m day"]
[Result "1-0"]
[WhiteCountry "POL"]
[BlackCountry "USA"]
[WhiteElo "1938"]
[WhiteRD "68"]
[BlackElo "1701"]
[BlackRD "52"]
[GameID "389557"]

1. e4 e5 2. Nf3 Nc6 3. Bb5 f5 4. Nc3 fxe4 5. Nxe4 Nf6 6. Qe2 Be7 7. Bxc6 dxc6 8. Nxe5 O-O 9. Qc4+ Nd5 10. d4 Be6
11. Be3 Nf4 12. Qf1 Qd5 13. f3 Qa5+ 14. Bd2 Qb6 15. O-O-O Rad8 16. Bxf4 Rxf4 17. Nc4 Qb4 18. b3 Bxc4 19. Qxc4+ Qxc4 20. bxc4 Ba3+
21. Kb1 Rf7 22. c5 Bb4 23. Rd3 b6 24. Rb3 Ba5 25. c3 Rf5 26. Kc2 Re8 27. Kd3 Re6 28. Rf1 g5 29. g4 Rf8 30. Nxg5 Rg6
31. h4 Rgf6 32. Ke3 Re8+ 33. Kf2 Re7 34. Re1 Rxe1 35. Kxe1 Rf4 36. Ke2 h6 37. Ne6 Rf7 38. f4 Re7 39. f5 Kf7 40. g5 hxg5
41. hxg5 b5 42. Ra3 Bb6 43. cxb6 cxb6 44. Kf3 a5 45. Rb3 Rd7 46. Rb2 Kg8 47. Rh2 Rf7 48. Ke4 Re7 49. Ke5 Rf7 50. g6
1-0

[Event "Mighty Mauler"]
[Site "SchemingMind.com"]
[Date "2015.11.01"]
[Round "-"]
[White "kenneth m day"]
[Black "smothered mate"]
[Result "0-1"]
[WhiteCountry "USA"]
[BlackCountry "POL"]
[WhiteElo "1702"]
[WhiteRD "51"]
[BlackElo "1939"]
[BlackRD "65"]
[GameID "389558"]

1. e4 c5 2. d4 cxd4 3. c3 d3 4. Bxd3 Nc6 5. Nf3 d6 6. O-O e6 7. Qe2 a6 8. Bg5 Be7 9. Qe3 h6 10. Bf4 Nf6
11. Nbd2 b5 12. e5 Nd5 13. Qe4 Nxf4 14. Qxf4 dxe5 15. Qe3 Qc7 16. Rac1 O-O 17. Qe4 f5 18. Qe2 Bb7 19. Rfe1 Bf6 20. Bc2 Rad8
21. Bb3 Qe7 22. Rcd1 e4 23. Nd4 Bxd4 24. cxd4 Nxd4 25. Qe3 Nxb3 26. Nxb3 Bd5 27. Qc3 Qg5 28. Qg3 f4 29. Qxg5 hxg5 30. Rc1 Rf7
31. Rc3 g4 32. Nc1 g5 33. b3 Kg7 34. Ne2 Kg6 35. Nd4 Rh7 36. Rd1 Rdh8 37. h3 gxh3 38. gxh3 Rxh3 39. Rxh3 Rxh3 40. Ne2 e3
41. Rxd5 f3 42. Rd1 fxe2 43. Re1 Rh1+ 44. Kxh1 exf2
0-1

[Event "Mighty Mauler"]
[Site "SchemingMind.com"]
[Date "2015.11.01"]
[Round "-"]
[White "smothered mate"]
[Black "Hagel"]
[Result "1-0"]
[WhiteCountry "POL"]
[BlackCountry "POL"]
[WhiteElo "1959"]
[WhiteRD "71"]
[BlackElo "1520"]
[BlackRD "69"]
[GameID "389559"]

1. d4 Nf6 2. c4 g6 3. Nc3 Bg7 4. e4 d6 5. Be2 O-O 6. Nf3 Nc6 7. d5 Nb8 8. O-O Nbd7 9. Be3 h6 10. Qd2 Kh7
11. Rad1 e5 12. dxe6 fxe6 13. Nd4
1-0

[Event "Mighty Mauler"]
[Site "SchemingMind.com"]
[Date "2015.11.01"]
[Round "-"]
[White "smothered mate"]
[Black "pnwmusichound"]
[Result "1-0"]
[WhiteCountry "POL"]
[BlackCountry "USA"]
[WhiteElo "1942"]
[WhiteRD "68"]
[BlackElo "1953"]
[BlackRD "85"]
[GameID "389604"]

1. e4 e5 2. Nf3 Nf6 3. Nxe5 d6 4. Nf3 Nxe4 5. d4 d5 6. Bd3 Bd6 7. c4 O-O 8. O-O c6 9. Nc3 Nxc3 10. bxc3 dxc4
11. Bxc4 Nd7 12. Bb2 Nf6 13. h3 h6 14. Re1 Bf5 15. Ne5 Qc7 16. Qf3 Bh7 17. Rad1 Qb6 18. Rd2 Rad8 19. Bb3 Qc7 20. Rde2 Bxe5
21. Rxe5 Rd7 22. Ba3 Be4 23. R1xe4 Nxe4 24. Qxe4 Rfd8 25. Bc2 g6 26. Qh4 Kh7 27. Rh5 b6 28. Rxh6+ Kg7 29. Rh7+ Kg8 30. Qh6
1-0

[Event "Mighty Mauler"]
[Site "SchemingMind.com"]
[Date "2015.11.01"]
[Round "-"]
[White "pnwmusichound"]
[Black "smothered mate"]
[Result "1-0"]
[WhiteCountry "USA"]
[BlackCountry "POL"]
[WhiteElo "1953"]
[WhiteRD "85"]
[BlackElo "1942"]
[BlackRD "68"]
[GameID "389605"]

1. Nf3 c5 2. g3 Nc6 3. c4 e5 4. Bg2 Nf6 5. Nc3 Be7 6. O-O d6 7. e3 Be6 8. b3 h6 9. h3 Qd7 10. Kh2 g5
11. d4 cxd4 12. exd4 Bf5 13. Re1 e4 14. Nd2 e3 15. Rxe3 Nxd4 16. Nde4 Ne6 17. Nxf6+ Bxf6 18. Qf3 Bxc3 19. Rxc3 Nc5 20. Re3+ Kf8
21. b4 g4 22. hxg4 Bxg4 23. Qf6 Rg8 24. bxc5 dxc5 25. Qxh6+ Rg7 26. Bb2
1-0

[Event "Mighty Mauler"]
[Site "SchemingMind.com"]
[Date "2015.11.05"]
[Round "-"]
[White "pnwmusichound"]
[Black "emvarela"]
[Result "0-1"]
[WhiteCountry "USA"]
[BlackCountry "ARG"]
[WhiteElo "1923"]
[WhiteRD "86"]
[BlackElo "1658"]
[BlackRD "48"]
[GameID "389606"]

1. e4 e5 2. Nc3 Nf6 3. f4 d5 4. fxe5 Nxe4 5. Qf3 Nxc3 6. dxc3 Be6 7. Bf4 Be7 8. O-O-O Bg5 9. Kb1 Bxf4 10. Qxf4 Qe7
11. Bd3 c5 12. Bf5 Bxf5 13. Qxf5 Qe6 14. Qf3 Nc6 15. Qxd5 Rd8 16. Qxe6+ fxe6 17. Rxd8+ Kxd8 18. Nf3 h6 19. a3 Rf8 20. c4 Rf5
21. Re1 Kc7 22. c3 a6 23. b4 cxb4 24. cxb4 b5 25. cxb5 axb5 26. Rc1 Kb6 27. Rxc6+ Kxc6 28. Nd4+ Kd5 29. Nxf5 exf5 30. e6 Kxe6
31. Kc2 Kd5 32. Kd3= g5 33. h3 h5 34. g4 fxg4 35. hxg4 h4 36. Ke3 Ke5 37. Kf3 Kd4 38. a4 bxa4 39. b5 a3 40. b6 a2
41. b7 a1=Q 42. Kg2 Qb2+ 43. Kh3 Qxb7 44. Kh2 Ke3 45. Kh3 Qh1#
0-1

[Event "Mighty Mauler"]
[Site "SchemingMind.com"]
[Date "2015.11.06"]
[Round "-"]
[White "emvarela"]
[Black "pnwmusichound"]
[Result "0-1"]
[WhiteCountry "ARG"]
[BlackCountry "USA"]
[WhiteElo "1720"]
[WhiteRD "49"]
[BlackElo "1968"]
[BlackRD "88"]
[GameID "389607"]

1. e4 e5 2. Nf3 Nf6 3. d4 Nxe4 4. Bd3 d5 5. Nxe5 Bd6 6. Bxe4 dxe4 7. Nc3 O-O 8. O-O f5 9. f4 Nc6 10. Nxc6 bxc6
11. Be3 Qh4 12. Qe1 Qh6 13. Ne2 Rb8 14. Qc3 Bb7 15. Qc4+ Kh8 16. Ng3 Rf6 17. Qe2 Qh4 18. Nh1 Rh6 19. g3 Qe7 20. Qc4 Qe8
21. a3 Be7 22. b4 c5 23. bxc5 Ba6 24. Qd5 Bxf1 25. Rxf1 Qh5
0-1

[Event "Mighty Mauler"]
[Site "SchemingMind.com"]
[Date "2015.11.01"]
[Round "-"]
[White "pnwmusichound"]
[Black "Scooter"]
[Result "1-0"]
[WhiteCountry "USA"]
[BlackCountry "USA"]
[WhiteElo "1878"]
[WhiteRD "93"]
[BlackElo "1707"]
[BlackRD "48"]
[GameID "389608"]

1. Nf3 Nf6 2. d4 g6 3. c4 Bg7 4. g3 O-O 5. Bg2 d6 6. O-O Nbd7 7. d5 Re8 8. Nc3 b6 9. Qc2 Bb7 10. e4 Nc5
11. Rb1 c6 12. dxc6 Bxc6 13. Rd1 Ncxe4 14. Nd4 Bb7 15. Nxe4
1-0

[Event "Mighty Mauler"]
[Site "SchemingMind.com"]
[Date "2015.11.01"]
[Round "-"]
[White "Scooter"]
[Black "pnwmusichound"]
[Result "1/2-1/2"]
[WhiteCountry "USA"]
[BlackCountry "USA"]
[WhiteElo "1717"]
[WhiteRD "47"]
[BlackElo "1900"]
[BlackRD "91"]
[GameID "389609"]

1. d4 Nf6 2. Nf3 g6 3. Bf4 d6 4. e3 Bg7 5. Be2 O-O 6. O-O Nbd7 7. Nbd2 Re8 8. h3 e5 9. dxe5 Nxe5 10. Nxe5 dxe5
11. Bg5 e4 12. c3 Re5 13. Bxf6 Bxf6 14. Qc2 Qd5 15. Bc4 Qc6 16. Qb3 Be6 17. Bxe6 Rxe6 18. Rfd1 Rd8 19. Nc4 Rxd1+ 20. Rxd1 b5
21. Na3 a6 22. Nc2 Qb6 23. Nd4 Rd6 24. Qc2 c5 25. Ne2 Rxd1+ 26. Qxd1 b4 27. Nf4 bxc3 28. bxc3 Qb2 29. Nd5 Bxc3 30. Nxc3 Qxc3
31. Qa4 c4 32. Qe8+ Kg7 33. Qxe4 Qc1+ 34. Kh2 c3 35. Qe5+ f6 36. Qc7+ Kh6 37. Qf4+ Kg7 38. Qc7+ Kh6=
1/2-1/2

[Event "Mighty Mauler"]
[Site "SchemingMind.com"]
[Date "2015.11.01"]
[Round "-"]
[White "pnwmusichound"]
[Black "kenneth m day"]
[Result "1-0"]
[WhiteCountry "USA"]
[BlackCountry "USA"]
[WhiteElo "1968"]
[WhiteRD "88"]
[BlackElo "1702"]
[BlackRD "51"]
[GameID "389610"]

1. c4 c5 2. Nf3 Nc6 3. d4 cxd4 4. Nxd4 Nf6 5. Nc3 e6 6. a3 Bc5 7. e3 O-O 8. Be2 d5 9. cxd5 exd5 10. O-O Re8
11. b4 Bb6 12. h3 Qd6 13. Ra2 Bd7 14. Rd2 Bc7 15. Nf3 Ne5 16. Re1 Nxf3+ 17. Bxf3 Qh2+ 18. Kf1 Ne4 19. Bxe4 Rxe4 20. Rxd5 Bc6
21. Nxe4 Bxd5 22. Qxd5 Rd8 23. Qxb7 Bb6 24. Ng3 h5 25. Ke2 h4 26. Rh1 hxg3 27. Rxh2 gxh2 28. g4 Kh7 29. Qg2 Bc7 30. f4 Re8
31. Qxh2 g5 32. Kf3 Rd8 33. Qc2+
1-0

[Event "Mighty Mauler"]
[Site "SchemingMind.com"]
[Date "2015.11.01"]
[Round "-"]
[White "kenneth m day"]
[Black "pnwmusichound"]
[Result "0-1"]
[WhiteCountry "USA"]
[BlackCountry "USA"]
[WhiteElo "1701"]
[WhiteRD "52"]
[BlackElo "1942"]
[BlackRD "84"]
[GameID "389611"]

1. e4 e5 2. f4 exf4 3. Nf3 d6 4. d4 g5 5. g3 g4 6. Nh4 f3 7. h3 f2+ 8. Kxf2 Qf6+ 9. Kg1 gxh3 10. Bxh3 Bxh3
11. Rxh3 Nc6 12. Be3 Qe6 13. Rh2 O-O-O 14. Nc3 Qf6 15. Qg4+ Kb8 16. Rf1 Nh6 17. Qd1 Qe7 18. Bxh6 Bxh6 19. Nf5 Qg5 20. Rxh6 Ne7
21. Rh5 Qf6 22. Nxe7 Qxe7 23. Rhf5 Rdg8 24. Qf3 Qh4 25. Ne2 Rg4 26. Rf2 Rhg8 27. Rg2 Qh6 28. Rxf7 a6 29. Qc3 c6 30. Qb3 b5
31. Qa3 Qe6 32. Rf4 Kb7 33. Qf3 h5 34. Rh2 Rxf4 35. Nxf4 Qxa2 36. c3 Qb1+ 37. Kg2 Qxb2+ 38. Kh3 Qb3 39. Nxh5 Kb6 40. g4 b4
41. Nf6 Rh8+ 42. Kg3 Rxh2 43. Kxh2 Qxc3 44. Qd1 b3 45. Kg1 b2
0-1

[Event "Mighty Mauler"]
[Site "SchemingMind.com"]
[Date "2015.11.02"]
[Round "-"]
[White "pnwmusichound"]
[Black "Hagel"]
[Result "1-0"]
[WhiteCountry "USA"]
[BlackCountry "POL"]
[WhiteElo "1900"]
[WhiteRD "91"]
[BlackElo "1520"]
[BlackRD "69"]
[GameID "389612"]

1. Nf3 d6 2. d4 g6 3. e4 Bg7 4. c4 Nf6 5. Nc3 O-O 6. Be2 Nc6 7. d5 Nb8 8. O-O Nbd7 9. Be3 h6 10. h3 e5
11. dxe6 fxe6 12. Qc2 e5 13. Rad1
1-0

[Event "Mighty Mauler"]
[Site "SchemingMind.com"]
[Date "2015.11.02"]
[Round "-"]
[White "Hagel"]
[Black "pnwmusichound"]
[Result "0-1"]
[WhiteCountry "POL"]
[BlackCountry "USA"]
[WhiteElo "1520"]
[WhiteRD "69"]
[BlackElo "1900"]
[BlackRD "91"]
[GameID "389613"]

1. e4 e5 2. Nf3 Nf6 3. Nxe5 d6 4. Nf3 Nxe4 5. Qe2 Qe7 6. Nc3 Nxc3 7. dxc3 Qxe2+ 8. Bxe2 Be7 9. Be3 O-O 10. O-O-O Be6
11. a3 h6
0-1

[Event "Mighty Mauler"]
[Site "SchemingMind.com"]
[Date "2015.11.06"]
[Round "-"]
[White "smothered mate"]
[Black "Simon Green"]
[Result "1-0"]
[WhiteCountry "POL"]
[BlackCountry "ENG"]
[WhiteElo "1959"]
[WhiteRD "71"]
[BlackElo "1590"]
[BlackRD "60"]
[GameID "389823"]

1. e4 e6 2. d4 d5 3. Nd2 Nf6 4. e5 Nfd7 5. Bd3 c5 6. c3 c4 7. Bc2 b5 8. Ne2 f5 9. Nf4 Qe7 10. Qh5+ Qf7
11. Qxf7+ Kxf7 12. Nf3 h6 13. Bxf5 exf5 14. e6+ Ke7 15. exd7 Nxd7 16. Ng6+
1-0

[Event "Mighty Mauler"]
[Site "SchemingMind.com"]
[Date "2015.11.06"]
[Round "-"]
[White "Simon Green"]
[Black "smothered mate"]
[Result "1-0"]
[WhiteCountry "ENG"]
[BlackCountry "POL"]
[WhiteElo "1639"]
[WhiteRD "60"]
[BlackElo "1942"]
[BlackRD "68"]
[GameID "389824"]

1. d4 Nf6 2. e3 g6 3. Bd3 Bg7 4. f4 d6 5. Nf3 Bg4 6. Nbd2 Nbd7 7. O-O c5 8. c3 O-O 9. Qe1 cxd4 10. cxd4 Nd5
11. Be4 N7f6 12. Bd3 Qd7 13. h3 Bxf3 14. Nxf3 Rfc8 15. Bd2 b5 16. Qe2 a6 17. Rac1 Nh5 18. Rxc8+ Rxc8 19. Qf2 f5 20. g4 fxg4
21. hxg4 Qxg4+ 22. Qg2 Qxg2+ 23. Kxg2 Nb6 24. Be4 e6 25. Ng5 Nc4 26. Bc1 e5 27. fxe5 h6 28. Bd5+ Kh8 29. Nf7+ Kh7 30. Bxc4 Rxc4
31. Nxd6 Rc2+ 32. Kf3 Bf8 33. e4 Be7 34. Kg4 Ng7 35. Nf7 h5+ 36. Kh3 Re2 37. Bg5 Bb4 38. a3 Bd2 39. Bxd2 Rxd2 40. d5 Re2
41. d6 Rxe4 42. Ng5+
1-0

[Event "Mighty Mauler"]
[Site "SchemingMind.com"]
[Date "2015.11.10"]
[Round "-"]
[White "pnwmusichound"]
[Black "Simon Green"]
[Result "1-0"]
[WhiteCountry "USA"]
[BlackCountry "ENG"]
[WhiteElo "1953"]
[WhiteRD "85"]
[BlackElo "1639"]
[BlackRD "60"]
[GameID "389825"]

1. d4 e6 2. c4 d5 3. g3 Nf6 4. Bg2 Be7 5. Nf3 Ne4 6. Nbd2 Bb4 7. Qa4+ Nc6 8. Ne5 Bxd2+ 9. Bxd2 Bd7 10. Nxd7 Qxd7
11. cxd5 exd5 12. Bf4 Nxd4 13. Qxd4 c5 14. Qxg7 O-O-O 15. Bxe4 dxe4 16. Qe5 Qc6 17. O-O f6 18. Qf5+ Rd7 19. Rfd1 Rd8 20. Rxd7 Rxd7
21. Rd1 Kd8 22. Rxd7+ Qxd7 23. Qxf6+ Kc8 24. Qf8+
1-0

[Event "Mighty Mauler"]
[Site "SchemingMind.com"]
[Date "2015.11.10"]
[Round "-"]
[White "Simon Green"]
[Black "pnwmusichound"]
[Result "0-1"]
[WhiteCountry "ENG"]
[BlackCountry "USA"]
[WhiteElo "1639"]
[WhiteRD "60"]
[BlackElo "1953"]
[BlackRD "85"]
[GameID "389826"]

1. d4 Nf6 2. e3 d5 3. Bd3 g6 4. f4 Bg7 5. Nf3 O-O 6. O-O b6 7. Nbd2 Nbd7 8. Qe1 c5 9. c3 Bb7 10. Ne5 Qc7
11. Ndf3 Nxe5 12. fxe5 Ne4 13. Bxe4 dxe4 14. Nd2 cxd4 15. exd4 Qc6 16. Rf4 Bh6 17. Rg4 e3 18. Nf3 f5 19. Rg3 f4 20. Rh3 Rf5
21. Qe2 g5 22. g4 fxg3 23. Rxg3 Raf8 24. Qxe3 Rxf3 25. Qe1 Rxg3+
0-1